[Event "Figueira da Foz op 12th"]
[Site "Figueira da Foz"]
[Date "2018.11.03"]
[Round "8"]
[White "Sismeiro, Miguel"]
[Black "Marques, Joao Paulo C Veloso"]
[Result "1-0"]
[WhiteElo "2008"]
[BlackElo "1807"]
[PlyCount "57"]
[EventDate "2018.10.28"]
[EventType "swiss"]
[EventRounds "9"]
[EventCountry "POR"]
[SourceTitle "CBM 187 Extra"]
[Source "ChessBase"]
[SourceDate "2018.11.04"]
[SourceVersion "1"]
[SourceVersionDate "2018.11.04"]
[SourceQuality "1"]

1. e4 e6 2. d4 d5 3. Nc3 Bb4 4. e5 b6 5. Qg4 Bf8 6. Bg5 Qd7 7. 0-0-0 Ba6 8. Bxa6 Nxa6 9. Qe2 Nb8 10. f4 Ne7 11. g4 Nbc6 12. Qa6 Qc8 13. Qxc8+ Rxc8 14. Nge2 h6 15. Bh4 Ng6 16. Bg3 Nge7 17. Rhf1 g6 18. h3 a6 19. Bh2 Kd7 20. Ng3 Bg7 21. f5 gxf5 22. gxf5 exf5 23. Nxf5 Nxf5 24. Rxf5 Ke6 25. Rf3 Rcf8 26. Ne2 Ne7 27. Rdf1 c6 28. Nf4+ Kd7 29. Nh5 1-0

[Event "Figueira da Foz op 9th"]
[Site "Figueira da Foz"]
[Date "2015.11.25"]
[Round "6"]
[White "Marques, Joao Paulo C Veloso"]
[Black "Lisowski, Krzysztof"]
[Result "0-1"]
[WhiteElo "1805"]
[BlackElo "2116"]
[PlyCount "78"]
[EventDate "2015.11.21"]
[EventType "swiss"]
[EventRounds "9"]
[EventCountry "POR"]
[SourceTitle "CBM 169 Extra"]
[Source "ChessBase"]
[SourceDate "2015.12.18"]
[SourceVersion "1"]
[SourceVersionDate "2015.12.18"]
[SourceQuality "1"]

1. c4 Nf6 2. Nf3 c6 3. g3 d5 4. Qc2 Bg4 5. Bg2 Nbd7 6. 0-0 Bxf3 7. Bxf3 Ne5 8. cxd5 Nxf3+ 9. exf3 Qxd5 10. Qb3 Qxb3 11. axb3 e6 12. d4 Be7 13. Be3 0-0 14. Nc3 a6 15. Rfc1 Rfd8 16. Ra5 Rd7 17. Kg2 Rad8 18. Raa1 Nd5 19. Na4 Bb4 20. Kg1 Nxe3 21. fxe3 Bd2 22. Kf2 Bxc1 23. Rxc1 e5 24. Nc5 exd4 25. Nxd7 dxe3+ 26. Kxe3 Rxd7 27. h4 Rd5 28. Rc4 Kf8 29. g4 Ke7 30. f4 h5 31. g5 f5 32. b4 Rd1 33. Rc5 g6 34. Kf3 Rd2 35. Re5+ Kd7 36. Re3 Rxb2 37. Rd3+ Ke7 38. Rd4 Rb3+ 39. Kg2 Re3 0-1

[Event "Figueira da Foz op 9th"]
[Site "Figueira da Foz"]
[Date "2015.11.21"]
[Round "1"]
[White "Damaso, Rui"]
[Black "Marques, Joao Paulo C Veloso"]
[Result "1-0"]
[WhiteElo "2438"]
[BlackElo "1805"]
[PlyCount "82"]
[EventDate "2015.11.21"]
[EventType "swiss"]
[EventRounds "9"]
[EventCountry "POR"]
[SourceTitle "CBM 169 Extra"]
[Source "ChessBase"]
[SourceDate "2015.12.18"]
[SourceVersion "1"]
[SourceVersionDate "2015.12.18"]
[SourceQuality "1"]

1. Nf3 Nf6 2. g3 g6 3. b3 Bg7 4. Bb2 0-0 5. Bg2 d6 6. d4 Nc6 7. d5 Nb4 8. c4 Bf5 9. Nd4 Bxb1 10. Qxb1 a5 11. 0-0 Nd7 12. a3 Na6 13. Qc2 Re8 14. Rfd1 Ne5 15. Bc3 Nc5 16. h3 Ned7 17. Rab1 Nb6 18. Be1 Qd7 19. b4 axb4 20. axb4 Nca4 21. c5 dxc5 22. bxc5 Nxd5 23. Nb3 c6 24. e4 e6 25. Na5 Nac3 26. Bxc3 Bxc3 27. Nc4 Ba5 28. exd5 exd5 29. Qb2 Qe7 30. Nb6 Ra6 31. Bf1 Ra7 32. Rxd5 Bxb6 33. cxb6 Ra4 34. Rd3 Re4 35. Qd2 Qc5 36. Rd8 Kg7 37. Rxe8 Rxe8 38. Qb4 Qf5 39. Qd4+ Kg8 40. Rd1 c5 41. Qd7 Qe6 1-0